<?xml version="1.0" encoding="UTF-8"?><record xmlns="http://www.loc.gov/MARC21/slim" xmlns:zs="http://docs.oasis-open.org/ns/search-ws/sruResponse">
  <leader>00842cz  a2200217n  4500</leader>
  <controlfield tag="001">no 94036707 </controlfield>
  <controlfield tag="003">DLC</controlfield>
  <controlfield tag="005">20170726054022.0</controlfield>
  <controlfield tag="008">941018n| azannaabn          |a aaa     c</controlfield>
  <datafield ind1=" " ind2=" " tag="010">
    <subfield code="a">no 94036707 </subfield>
  </datafield>
  <datafield ind1=" " ind2=" " tag="035">
    <subfield code="a">(OCoLC)oca03731605</subfield>
  </datafield>
  <datafield ind1=" " ind2=" " tag="040">
    <subfield code="a">GEU</subfield>
    <subfield code="b">eng</subfield>
    <subfield code="e">rda</subfield>
    <subfield code="c">GEU</subfield>
    <subfield code="d">MoSW-Mu</subfield>
    <subfield code="d">NIC</subfield>
  </datafield>
  <datafield ind1=" " ind2=" " tag="046">
    <subfield code="f">1835-09-06</subfield>
    <subfield code="g">1921-05-25</subfield>
    <subfield code="2">edtf</subfield>
  </datafield>
  <datafield ind1="1" ind2=" " tag="100">
    <subfield code="a">Combes, Emile,</subfield>
    <subfield code="d">1835-1921</subfield>
  </datafield>
  <datafield ind1=" " ind2=" " tag="370">
    <subfield code="a">Roquecourbe (France)</subfield>
  </datafield>
  <datafield ind1=" " ind2=" " tag="374">
    <subfield code="a">Statesmen</subfield>
    <subfield code="2">lcsh</subfield>
  </datafield>
  <datafield ind1=" " ind2=" " tag="375">
    <subfield code="a">Males</subfield>
    <subfield code="2">lcdgt</subfield>
  </datafield>
  <datafield ind1=" " ind2=" " tag="377">
    <subfield code="a">fre</subfield>
  </datafield>
  <datafield ind1="1" ind2=" " tag="400">
    <subfield code="a">Combes, Justin-Louis-Emile,</subfield>
    <subfield code="d">1835-1921</subfield>
  </datafield>
  <datafield ind1=" " ind2=" " tag="670">
    <subfield code="a">Le Petit Père Combes, c1994:</subfield>
    <subfield code="b">p. 11 (Émile Combes naquit le 6 septembre 1835) back cover (mort en 1921)</subfield>
  </datafield>
  <datafield ind1=" " ind2=" " tag="670">
    <subfield code="a">Encyclopaedia Britannica online, Aug. 8, 2005</subfield>
    <subfield code="b">(Émile Combes; in full, Justin-Louis-Émile Combes; b. Sept. 6, 1835, Roquecourbe, France; d. May 25, 1921, Pons; French premier)</subfield>
  </datafield>
</record>
